[Event "FRA-chT Top 12 2019"]
[Site "Brest"]
[Date "2019.05.24"]
[Round "7.6"]
[White "Charmeteau, Sven"]
[Black "Guichard, Pauline"]
[Result "1-0"]
[WhiteElo "2292"]
[BlackElo "2430"]
[Annotator "TA"]
[PlyCount "75"]
[EventDate "2019.05.18"]
[EventType "team-tourn"]
[EventCountry "FRA"]
[SourceTitle "playchess.com"]
[Source "ChessBase"]
[SourceQuality "1"]

{[%evp 15,75,33,30,-12,68,0,56,22,53,13,26,-19,60,69,70,64,66,58,67,73,115,115,136,145,129,68,88,97,81,83,71,93,235,228,391,371,471,450,458,450,429,401,892,877,875,855,822,833,822,779,925,912,1008,930,897,809,4921,2687,2462,1865,5359,5359]} 1. e4 e5 2. Nf3 Nc6 3. d4 exd4 4. Nxd4 g6 5. Nc3 Bg7 6. Be3 Nf6 7. Nxc6 bxc6 8. e5 Ng8 9. Qe2 {C46: 3 Nc3: Unusual Black 3rd moves} (9. f4 Ne7 10. Qf3 d6 11. Bc4 Nf5 12. Bf2 dxe5 13. Qxc6+ Bd7 14. Qc5 Nd6 15. fxe5 Nxc4 16. Qxc4 O-O {1-0 (58) Grandelius,N (2628)-Sandipan,C (2585) Abu Dhabi 2015}) 9... Qe7 (9... Ne7 $11) 10. f4 ({White should try} 10. O-O-O $14) 10... f6 (10... Rb8 $1 $11) 11. Bc5 $146 {White is slightly better.} ({Predecessor:} 11. Bd4 fxe5 12. Bxe5 Bxe5 13. Qxe5 Qxe5+ 14. fxe5 Nh6 15. O-O-O Rf8 16. Re1 Ke7 {1-0 (49) Taylor,T (2279)-Peters,J (2377) Beverly Hills 2011}) 11... Qe6 {[%cal Rf6e5]} 12. Qe4 fxe5 13. Bc4 (13. O-O-O {is more complex.} d5 14. Qa4 Nf6 15. fxe5 Nd7 16. Ba3) 13... Nf6 (13... d5 $11 14. Bxd5 cxd5 15. Nxd5 Qc6 16. Nf6+ Qxf6 17. Qxa8 {[%mdl 64] Double Attack} Ne7) 14. Bxe6 $14 (14. Qxe5 Qxe5+ 15. fxe5 Ng4 $15) 14... Nxe4 15. Nxe4 {Black must now prevent Bh3.} dxe6 16. fxe5 $1 Bxe5 17. O-O-O Rb8 {[#]} 18. b3 $1 a5 19. Rhf1 a4 20. Ng5 (20. bxa4 $6 Ra8 $14) (20. Nf6+ $16 Bxf6 21. Rxf6) 20... axb3 21. cxb3 {Strongly threatening Nf7!} Rb5 22. b4 {[#] Nf7! is the strong threat.} Bd6 23. Nf7 $40 {[%mdl 128] White attacks with force.} O-O (23... Bxc5 $16 24. Rd8+ {[%mdl 64] Double Attack} Ke7 25. Rxh8 Ba6) 24. Nxd6 $18 Rxf1 $2 (24... cxd6 {keeps fighting.} 25. Rxf8+ (25. Bxd6 Rxf1 26. Rxf1 Rf5 $14) 25... Kxf8) 25. Nxc8 ({Weaker is} 25. Rxf1 cxd6 26. a4 (26. Bxd6 Rf5 $14) 26... Rb7 $16) 25... Rxd1+ 26. Kxd1 Rb8 27. Ne7+ Kf7 {intending ...Ra8.} 28. a4 {[%cal Ba2a4,Ba4a5,Ba5a6,Ba6a7][%mdl 32]} Ke8 (28... Rd8+ $142 29. Kc2 Ra8) 29. Nxc6 {White is clearly winning.} Ra8 30. a5 Kd7 31. b5 Re8 32. Ke2 g5 33. a6 Kc8 34. Bd4 Rf8 35. Be5 h5 36. Na5 Kd7 37. Nc4 Rg8 38. a7 {Accuracy: White = 68%, Black = 27%.} 1-0

[Event "FRA-chT Top 12 2019"]
[Site "Brest"]
[Date "2019.05.24"]
[Round "7.6"]
[White "Leconte, Maria"]
[Black "Vitoux, Colomban"]
[Result "1/2-1/2"]
[WhiteElo "2246"]
[BlackElo "2384"]
[Annotator "TA"]
[PlyCount "160"]
[EventDate "2019.05.18"]
[EventType "team-tourn"]
[EventCountry "FRA"]
[SourceTitle "playchess.com"]
[Source "ChessBase"]
[SourceQuality "1"]

{[%evp 9,160,31,34,0,0,0,77,62,58,51,64,70,78,31,42,32,47,25,58,8,8,0,0,-3,0,-9,-14,-13,-3,-8,-8,-29,-31,-22,-29,-44,-12,-18,-8,-23,-14,-26,-25,-27,-43,-42,-36,-50,-35,-44,0,-53,-29,-57,-62,-51,-35,-110,-108,-113,-75,-127,-74,-75,-75,-75,0,-74,-74,-74,-75,-70,0,0,0,-83,-76,-76,-66,-76,-77,-97,-45,-49,0,-83,0,-42,-18,-31,-16,-15,0,0,0,0,0,0,0,0,0,0,0,0,0,0,0,-132,-108,-314,-294,-450,-450,-475,-472,-427,-450,-382,-450,-440,-427,-331,-325,-322,-317,-682,-579,-29943,-29955,-29955,-29958,-29939,-29955,-29965,-29948,-29965,-29968,-12557,-8,-8,-8,-8,-8,-8,-8,-8,-8,-8,-8,-8,-8,-8,-8]} 1. e4 c5 2. Nf3 Nc6 3. c3 e5 4. Bc4 Be7 5. O-O Nf6 6. Qe2 {B22: Sicilian: 2 c3} (6. d4 d6 7. d5 Nb8 8. Re1 O-O 9. a4 Ne8 10. Na3 g6 11. Bh6 Ng7 12. b4 cxb4 13. cxb4 {1-0 (30) Potapov,P (2516)-Saveliev,A (2360) Skopje 2018}) 6... O-O 7. d3 d5 $146 (7... h6 $11) ({Predecessor:} 7... d6 8. Nbd2 Na5 9. Rd1 Qb6 10. a4 Bg4 11. Ba2 a6 12. b4 Nc6 13. h3 Bh5 14. Nc4 {0-1 (14) Rosales,J (1656)-Martinez,J (2240) Palmira 2019}) 8. exd5 $16 {White is better.} Nxd5 9. Nxe5 {Black must now prevent Bxd5.} Nxe5 10. Qxe5 Nb6 11. Bf4 Nxc4 12. dxc4 Be6 13. Nd2 Qd3 14. Rfe1 (14. Qc7 $5 {[%cal Rc7e7]} Rfe8 15. Qxb7 $16) 14... Rad8 15. Ne4 Qxc4 16. b3 Qd5 17. h3 Qxe5 18. Bxe5 Rd5 19. Bf4 Rfd8 20. Re2 g5 21. Be3 Bf5 22. f3 f6 (22... Bxe4 $5 23. fxe4 Re5 $15) 23. Kf2 Re5 24. Ng3 Bg6 25. Rae1 Kf7 26. f4 gxf4 27. Bxf4 Rxe2+ 28. Rxe2 c4 29. b4 a5 30. a3 (30. bxa5 $11 h5 31. Rb2) 30... Bd3 31. Rd2 axb4 32. axb4 Ra8 33. Be3 (33. Ne2 $15) 33... f5 $17 34. Ne2 Ra1 35. Bd4 ({White should try} 35. g3) 35... Bg5 (35... h5 $142 $1 36. b5 h4) 36. Be3 Bf6 37. Bd4 Bg5 38. Be3 Bh4+ 39. g3 Bf6 40. Bd4 Bg5 (40... Bxd4+ $1 $15 41. Nxd4 Kf6) 41. Be3 $1 $11 {[%cal Re3g5]} Bf6 (41... Be7 $11) 42. Bd4 $1 $17 {[#]} Bxd4+ $1 43. Nxd4 {[%mdl 4096] Endgame KRB-KRN} Kf6 44. Ke3 Re1+ 45. Kf4 Rf1+ (45... h5 $17 46. h4 Rf1+ 47. Ke3 Re1+ 48. Kf4 Rc1) 46. Ke3 $15 Re1+ (46... Rg1 $5 {[%cal Rg1g3]} 47. Kf4 Rc1 $15) 47. Kf4 $1 Rf1+ 48. Ke3 Rc1 49. Nb5 Ke5 50. Ra2 $1 Re1+ 51. Kf2 Rf1+ 52. Ke3 Rg1 53. Kf2 Rh1 {Threatens to win with ...Rh2+.} 54. Ra8 $1 Rxh3 55. Re8+ Kd5 56. Rd8+ Ke6 57. Rd6+ Ke5 58. Rb6 (58. Rd8 $1 $11 {remains equal.}) 58... Be4 $17 59. Nd6 $2 (59. Nd4 $17) 59... Bd5 $19 60. Nxb7 {[#]} (60. Nb5 $142) 60... Rh2+ $1 61. Ke1 Rc2 62. Nc5 Rxc3 63. Nd7+ Kd4 64. Rd6 {intending Nb6.} Re3+ 65. Kd1 {If only White now had time for Nb6....} Re6 ({Don't do} 65... Rxg3 66. Nb6 $19) 66. Rxe6 Bxe6 {KB-KN} 67. Nf8 $2 (67. Nf6) 67... Bd5 68. Nxh7 Kc3 69. Nf6 Bf3+ 70. Kc1 Kxb4 71. Nd7 Kc3 72. Ne5 Be4 73. Ng6 Kd3 $2 {[#]} ({Better is} 73... Kd4 $19 74. Nf8 c3 75. Ne6+ Ke3) 74. g4 $1 $11 {[%mdl 512] The position is equal.} fxg4 75. Ne5+ {[%mdl 64] Double Attack} Ke3 {( -> ...g3)} (75... Kd4 {seems wilder.} 76. Nxg4 Bd5 77. Nf6 Bf7 78. Nd7 Be6) 76. Nxg4+ Kf4 77. Nf6 Bc6 78. Kd2 Kf5 79. Kc3 Kxf6 80. Kxc4 Ke5 {Accuracy: White = 48%, Black = 63%.} 1/2-1/2

[Event "FRA-chT Top 12 2019"]
[Site "Brest"]
[Date "2019.05.24"]
[Round "7.7"]
[White "Moussard, Jules"]
[Black "Richard, Emma"]
[Result "1-0"]
[WhiteElo "2583"]
[BlackElo "2120"]
[Annotator "TA"]
[PlyCount "43"]
[EventDate "2019.05.18"]
[EventType "team-tourn"]
[EventCountry "FRA"]
[SourceTitle "playchess.com"]
[Source "ChessBase"]
[SourceQuality "1"]

{[%evp 9,43,29,31,23,47,57,207,147,145,150,160,162,168,195,230,153,260,253,335,351,387,360,362,357,650,652,645,660,614,587,710,714,759,787,725,683]} 1. Nf3 c5 2. b4 (2. c4 Nf6 3. Nc3 d5 4. cxd5 Nxd5 5. e3 Nxc3 6. dxc3 Qc7 7. e4 e6 8. Be3 Bd7 9. Nd2 Bc6 10. Qg4 Nd7 11. Qg3 O-O-O 12. Bf4 e5 13. Bg5 {½-½ (35) Svidler,P (2735)-Vachier Lagrave,M (2773) Karlsruhe/Baden Baden 2019}) 2... cxb4 3. a3 bxa3 4. e4 d5 5. exd5 Qxd5 6. Nxa3 {A04: Unusual lines after 1 Nf3 and King's Indian Attack} Bg4 7. Nb5 {[%mdl 1024] Black must now prevent Nc7+. White has compensation.} Kd8 $146 ({Better is} 7... Bxf3 $14 8. Qxf3 (8. Nc7+ Kd8 $11) 8... Qxf3 9. gxf3 Kd7) ({Predecessor:} 7... Bxf3 8. Qxf3 Qxf3 9. gxf3 Kd7 10. Nxa7 Nf6 11. Bb5+ Kc7 12. Bb2 {1-0 (34) Lipecki,A (2122)-Mamonovas,V (2207) ICCF email 2013}) 8. Ra3 {Rd3 is the strong threat.White is clearly better.} Nd7 9. c4 Qe4+ {[#]} 10. Be2 $1 Bxf3 11. Rxf3 ({But not} 11. gxf3 $6 Qg6 $14) 11... Ngf6 12. O-O e6 (12... a6 $16 {was worth a try.}) 13. d4 $18 Qc6 14. Bf4 Qc8 15. Bc7+ Ke8 16. Bg3 Bb4 $2 (16... Be7 17. Nc7+ {[%mdl 64] Double Attack} Kf8 18. Nxa8 Qxa8) 17. Rb3 {White is clearly winning.} Be7 18. Nc7+ {[%mdl 64] [#] Double Attack} Kf8 19. Nxa8 Qxa8 20. Bf3 Nb6 21. Qa1 Qd8 22. Qxa7 {[%mdl 64] Double Attack. Accuracy: White = 88%, Black = 27%.} 1-0

[Event "FRA-chT Top 12 2019"]
[Site "Brest"]
[Date "2019.05.24"]
[Round "7.7"]
[White "Loiseau, Quentin"]
[Black "Flear, Glenn C"]
[Result "1/2-1/2"]
[WhiteElo "2471"]
[BlackElo "2445"]
[Annotator "TA"]
[PlyCount "87"]
[EventDate "2019.05.18"]
[EventType "team-tourn"]
[EventCountry "FRA"]
[SourceTitle "playchess.com"]
[Source "ChessBase"]
[SourceQuality "1"]

{[%evp 16,87,7,3,60,50,103,47,50,48,37,36,24,29,72,45,58,48,41,0,0,0,0,0,0,0,0,0,0,0,36,29,72,70,80,70,86,79,55,15,13,23,25,22,77,75,69,59,54,66,81,68,79,64,131,131,138,125,133,52,139,139,126,59,132,0,0,0,0,0,0,-8,0,0]} 1. c4 e6 2. Nf3 d5 3. d4 Nf6 4. Nc3 c6 5. Bg5 Nbd7 6. e3 Qa5 7. cxd5 exd5 8. Bd3 Ne4 9. O-O Nxc3 {D52: Queen's Gambit Declined: Cambridge Springs Variation} (9... Nxg5 $11 10. Nxg5 Nf6) (9... Nxg5 10. Nxg5 Nf6 11. f4 Bb4 12. Qc2 h6 13. Nf3 O-O 14. Ne5 Re8 15. a3 Bxc3 16. bxc3 c5 17. Qb2 Ne4 18. Bxe4 dxe4 {0-1 (34) Salem,A (2638)-Naiditsch,A (2705) Riadh 2017}) 10. bxc3 h6 11. Bh4 (11. Bf4 $16) 11... Bd6 $14 {White is slightly better.} 12. c4 $146 ({Predecessor:} 12. Qe1 g5 13. Bg3 Bxg3 14. fxg3 O-O 15. h4 Qd8 16. hxg5 hxg5 17. e4 dxe4 18. Qxe4 {1-0 (33) Lalic,B (2538)-Kristovic,M (2330) Bosnjaci 2009}) 12... dxc4 13. Bxc4 Nb6 14. Bb3 Qh5 15. h3 O-O 16. Bc2 Be6 17. g4 (17. Bg3 {feels hotter.} Bxg3 18. fxg3 Bc4 19. Re1 Qd5 20. a4) 17... Bxg4 18. hxg4 Qxg4+ 19. Bg3 $1 Bxg3 20. fxg3 Qxg3+ 21. Kh1 Nd5 22. Qd3 $40 {[%csl Gc2][%cal Rd3h7][%mdl 128] White is up to no good.} g6 23. Rae1 Rfe8 {[#]} 24. e4 $1 {[%cal Re4d5]} Nb4 25. Qd2 Nxc2 26. Qxc2 Rad8 27. Qh2 (27. e5 {with more complications.} Qh3+ 28. Nh2 Rxd4 29. Rxf7 Kxf7 30. Qf2+) 27... Qxh2+ 28. Kxh2 Re6 29. Kg3 Rde8 (29... g5 $11 {keeps the balance.}) 30. e5 $16 Rd8 31. Rb1 Re7 32. Rb4 Rd5 33. Rfb1 b6 34. Rc1 Rc7 (34... c5 $14 35. dxc5 Rxc5 36. Rxc5 bxc5) 35. Rbc4 c5 36. Kf4 f5 37. dxc5 (37. a4 $16) 37... Rcxc5 ({Black should try} 37... bxc5 $14 38. R1c3 Kg7) 38. Rxc5 bxc5 {[%mdl 4096] Endgame KRN-KR} 39. Rb1 ({Better is} 39. Rc3 $16) 39... Kf7 {[#]} (39... c4 $1 $14) 40. Rb8 (40. Rb7+ $1 $16 Ke6 41. Rh7 (41. Rxa7 g5+ 42. Kg3 c4 $16) 41... g5+ 42. Ke3) 40... Rd3 $1 $11 {The position is equal.} 41. Ne1 Rd1 42. Nf3 Rd3 43. Ne1 Rd1 44. Nf3 {Accuracy: White = 47%, Black = 49%.} 1/2-1/2

[Event "FRA-chT Top 12 2019"]
[Site "Brest"]
[Date "2019.05.24"]
[Round "7.7"]
[White "Koch, Jean-Rene"]
[Black "Ribbegren, Karl Johan"]
[Result "1-0"]
[WhiteElo "2465"]
[BlackElo "2209"]
[Annotator "RC"]
[PlyCount "57"]
[EventDate "2019.05.18"]
[EventType "team-tourn"]
[EventCountry "FRA"]
[SourceTitle "playchess.com"]
[Source "ChessBase"]
[SourceQuality "1"]
[TimeControl "40/5400+30:1800+30"]

1. c4 {[%emt 0:00:00]} c5 {[%emt 0:00:00]} 2. Nf3 {[%emt 0:00:21]} g6 {[%emt 0:00:50]} 3. e4 {[%emt 0:00:32]} Bg7 {[%emt 0:00:38]} 4. d4 {[%emt 0:00:08]} cxd4 {[%emt 0:00:56]} 5. Nxd4 {[%emt 0:00:06]} Nc6 {[%emt 0:00:39]} 6. Be3 {[%emt 0:00:09]} Nh6 {[%emt 0:04:56]} 7. Be2 {[%emt 0:01:49]} d6 {[%emt 0:07:22]} 8. Qd2 {[%emt 0:18:27]} Ng4 {[%emt 0:02:15]} 9. Bxg4 {[%emt 0:00:37]} Bxg4 {[%emt 0:00:06]} 10. Nc3 {[%emt 0:00:39]} Bd7 {[%emt 0:10:03]} 11. b3 {[%emt 0:02:33]} Qa5 {[%emt 0:01:37]} 12. Rd1 {[%emt 0:04:19]} O-O {[%emt 0:03:20]} 13. O-O {[%emt 0:03:36]} f5 {[%emt 0:04:14]} 14. exf5 {[%emt 0:02:33]} Bxf5 {[%emt 0:04:14]} 15. Nd5 {[%emt 0:11:16]} Qd8 {[%emt 0:07:37]} 16. Rfe1 {[%emt 0:11:25]} Rf7 {[%emt 0:14:48]} 17. Nxf5 {[%emt 0:04:41]} gxf5 {[%emt 0:05:13]} 18. Nf4 {[%emt 0:11:34]} Qc8 {[%emt 0:06:37]} 19. Nh5 {[%emt 0:01:21]} Ne5 {[%emt 0:06:59]} 20. Bd4 {[%emt 0:12:56]} Bh8 {[%emt 0:08:01]} 21. f4 {[%emt 0:03:00]} Ng6 {[%emt 0:01:35]} 22. Bxh8 {[%emt 0:00:06]} Kxh8 {[%emt 0:00:22]} 23. Qd5 {[%emt 0:00:42]} Kg8 {[%emt 0:00:32]} 24. Re6 {[%emt 0:02:07]} Qc6 {[%emt 0:01:22]} 25. Qd3 {[%emt 0:00:50]} Qc5+ {[%emt 0:01:05]} 26. Kh1 {[%emt 0:00:25]} Qf2 {[%emt 0:00:31]} 27. Rf1 {[%emt 0:03:57]} Qh4 {[%emt 0:00:15]} 28. Qf3 {[%emt 0:00:06]} Raf8 {[%emt 0:01:05]} 29. h3 {[%emt 0:00:36]} 1-0

[Event "FRA-chT Top 12 2019"]
[Site "Brest"]
[Date "2019.05.24"]
[Round "7.7"]
[White "Relange, Eloi"]
[Black "Jeanne, Mickael"]
[Result "1-0"]
[WhiteElo "2456"]
[BlackElo "2150"]
[Annotator "TA"]
[PlyCount "53"]
[EventDate "2019.05.18"]
[EventType "team-tourn"]
[EventCountry "FRA"]
[SourceTitle "playchess.com"]
[Source "ChessBase"]
[SourceQuality "1"]

{[%evp 20,61,25,17,14,14,27,2,0,-12,-13,-13,20,20,25,43,39,24,120,110,116,129,210,217,202,210,221,120,198,172,263,261,302,306,314,306,325,294,306,290,363,359,427,356]} 1. c4 e5 2. g3 Nf6 3. Bg2 d5 4. cxd5 Nxd5 5. Nc3 Nb6 6. Nf3 Nc6 7. O-O Be7 8. a3 O-O 9. b4 Be6 10. d3 f6 11. Bb2 a5 {A29: English Opening: Four Knights Variation with 4 g3} 12. b5 Nd4 13. Nxd4 (13. Nd2 c6 14. bxc6 Nxc6 15. Na4 Rb8 16. Rc1 Nxa4 17. Qxa4 Nd4 18. Qd1 a4 19. e3 Nb3 20. Nxb3 Bxb3 {1-0 (51) Li,C (2720)-Ma,Q (2637) China 2017}) 13... exd4 {The position is equal.} 14. Ne4 {[%cal Bc3e4,Be4d2,Bd2f3][%mdl 32]} a4 $1 15. Rc1 {[#]} Bd5 $146 ({Predecessor:} 15... Ra5 16. Nc5 Bxc5 17. Rxc5 Nd7 18. Qd2 c6 19. Rcc1 Rxb5 20. Bxd4 {0-1 (50) Kuznetsov,S (2492)-Kuiper,J (2555) ICCF email 2008}) 16. Qc2 f5 17. Nd2 $1 Bxg2 18. Kxg2 Ra5 (18... Bg5 $11 {remains equal.}) 19. Qxc7 $16 Rxb5 {[#]} 20. Bxd4 $1 {[%mdl 576] Deflection} Qxd4 (20... Qxc7 $16 21. Rxc7 Nd5) 21. Qxe7 $18 Qd5+ 22. Nf3 Rf7 23. Qe8+ Rf8 {[#]} 24. Qe3 $1 Qd6 (24... Rb3 {was necessary.} 25. Rc5 f4 26. gxf4 (26. Rxd5 fxe3 27. Rd6 exf2 $16) 26... Qd6) 25. Rb1 Rb3 26. Rxb3 axb3 27. d4 {Played: Rf1-b1} 1-0

[Event "FRA-chT Top 12 2019"]
[Site "Brest"]
[Date "2019.05.24"]
[Round "7.7"]
[White "Brochet, Philippe"]
[Black "Iglesias, Joachim"]
[Result "1-0"]
[WhiteElo "2400"]
[BlackElo "2276"]
[Annotator "TA"]
[PlyCount "143"]
[EventDate "2019.05.18"]
[EventType "team-tourn"]
[EventCountry "FRA"]
[SourceTitle "playchess.com"]
[Source "ChessBase"]
[SourceQuality "1"]

{[%evp 14,143,42,41,43,0,21,0,9,0,40,40,61,54,85,59,85,100,101,104,73,31,37,21,23,31,33,35,36,46,32,37,28,20,32,0,0,0,49,-117,-116,-105,-118,-121,-59,-43,-40,-50,0,0,0,0,103,94,92,8,8,8,14,-38,0,-8,-8,-8,-8,-12,-12,-17,0,0,4,4,4,4,4,4,12,12,20,18,18,18,128,128,128,128,128,128,128,20,128,20,128,16,12611,12611,1721,1714,1707,1433,29960,29962,29972,29973,29973,29974,29975,29976,29977,29976,29976,29977,29977,29977,29976,29973,29977,29977,29978,29979,29980,29981,29981,29982,29982,29983,29983,29984,29984,29985,29985,29986]} 1. e4 g6 2. d4 d6 3. Nc3 c6 4. a4 Bg7 5. Nf3 Nf6 6. h3 O-O 7. Be3 Qc7 8. Qd2 Nbd7 {B08: Pirc Defence: Classical System} 9. Rd1 (9. Bc4 Nxe4 10. Nxe4 d5 11. Bf4 Qd8 12. Bxd5 cxd5 13. Nc3 Nb6 14. b3 Bf5 15. Bh6 Rc8 16. Bxg7 Kxg7 {½-½ (46) Rambaldi,F (2568)-Salgado Lopez,I (2622) Bergamo 2017}) 9... b6 10. Bd3 Bb7 {The position is equal.} 11. O-O e5 12. dxe5 dxe5 $146 ({Predecessor:} 12... Nxe5 13. Be2 Rad8 14. Bh6 c5 15. Bxg7 Kxg7 16. Qf4 Rfe8 17. Rd2 {½-½ (51) Song,E (2352)-Galyas,M (2517) Budapest 2018}) 13. Bc4 Rad8 14. Ng5 Nc5 15. Qe2 Rxd1 16. Rxd1 Qe7 17. Bxc5 Qxc5 18. Qd3 h6 19. Nxf7 Rxf7 20. Qd8+ Bf8 21. Bxf7+ Kxf7 22. Qb8 Qe7 23. Qxa7 Qc7 24. Ra1 Bb4 $36 {[%mdl 2048] Black has good play.} 25. Na2 Be7 26. b4 $2 (26. f3 $14 {stays ahead.}) 26... Nxe4 $17 27. Re1 Nd6 $1 {[%cal Rd6c8]} 28. a5 Nc8 (28... bxa5 $1 $17 {Hoping for ...c5!} 29. Qxa5 Qxa5 30. bxa5 Nc4) 29. axb6 $15 Nxa7 30. bxc7 Bd6 31. c4 Bxc7 32. Nc3 Bc8 (32... Nc8 $11) 33. Ra1 $16 Bb8 34. b5 (34. Ne4 $16) 34... cxb5 $11 35. cxb5 Bb7 36. Ra4 (36. b6 $11 Nc8 37. Rc1) 36... Ke6 37. Rh4 h5 38. g4 Bf3 39. gxh5 gxh5 40. Ne4 Bxe4 41. Rxe4 Kd5 42. Rb4 Kc5 43. Rh4 Nxb5 44. Rxh5 Nd4 45. h4 {aiming for Rh8.} Kd5 46. Rh8 Bd6 47. h5 {h6 is the strong threat.} Nf5 (47... Nf3+ $11 48. Kf1 Ng5) 48. h6 $16 Nxh6 49. Rxh6 {[%mdl 4096] Endgame KR-KB} e4 50. Kg2 Bc5 51. Kg3 (51. Rh3 $16) 51... Bd4 {[#]} (51... Kd4 $1 $11 {keeps the balance.}) 52. Rh5+ (52. Rh1 $1 $16) 52... Ke6 (52... Kc4 $11 {remains equal.}) 53. Ra5 ({White should play} 53. Kg2 $16) 53... Be5+ $2 {[%mdl 8192]} (53... e3 $11 54. fxe3 Bxe3) 54. Kg4 $18 Bd4 {[#]} 55. Ra2 $1 Ke5 56. Re2 Bc5 57. f4+ {White mates.} Kd4 58. Rd2+ Ke3 59. Rd5 Ba3 60. f5 Kf2 61. Rd2+ Ke3 62. Ra2 Be7 63. Ra7 Bc5 64. Ra5 Bb4 65. Rb5 Bf8 66. f6 Kd3 67. Rb8 Bc5 68. Rd8+ Ke2 69. f7 e3 70. f8=Q Bxf8 71. Rxf8 Kd3 72. Kf3 {Accuracy: White = 47%, Black = 32%.} 1-0

[Event "FRA-chT Top 12 2019"]
[Site "Brest"]
[Date "2019.05.24"]
[Round "7.7"]
[White "Ludwig, Remi"]
[Black "Le Roux, Jean-Pierre"]
[Result "0-1"]
[WhiteElo "2312"]
[BlackElo "2539"]
[Annotator "TA"]
[PlyCount "69"]
[EventDate "2019.05.18"]
[EventType "team-tourn"]
[EventCountry "FRA"]
[SourceTitle "playchess.com"]
[Source "ChessBase"]
[SourceQuality "1"]

{[%evp 9,69,32,31,26,43,38,58,37,53,61,66,66,67,64,87,74,56,25,50,25,20,20,13,-58,-68,-64,-66,-82,-84,-87,-92,-174,-128,-121,-116,-143,-149,-135,-150,-150,-152,-150,-145,-189,-146,-223,-233,-200,-208,-226,-211,-255,-244,-353,-351,-1423,-1419,-29979,-460,-482,0,-1241]} 1. d4 g6 2. c4 Bg7 3. e4 e6 4. Nc3 Ne7 5. Nf3 d5 6. e5 {A40: Unusual replies to 1 d4} h6 (6... Nbc6 7. Be2 h6 8. O-O O-O 9. Re1 b6 10. cxd5 Nxd5 11. Nxd5 Qxd5 12. Bd3 {1-0 (60) Onischuk,A (2681)-Ipatov,A (2665) Saint Louis 2018}) 7. Be2 b6 8. O-O {White is slightly better.} O-O $146 ({Predecessor:} 8... Bb7 9. cxd5 Nxd5 10. Bb5+ Nd7 11. Nxd5 Bxd5 12. Qa4 {0-1 (51) Michalik,P (2508)-Carlstedt,J (2356) Wroclaw 2012}) 9. cxd5 exd5 10. b4 Be6 11. a4 c5 12. bxc5 bxc5 13. Ba3 Nd7 14. Bb5 cxd4 $1 15. Qxd4 Nf5 16. Qd3 (16. Qd2 $11) 16... Nxe5 $15 17. Nxe5 Bxe5 18. Bxf8 Qxf8 19. Rac1 ({But not} 19. Nxd5 $2 Rd8 $19) 19... Qd6 20. Rfd1 (20. Ne2 $17 {might work better.}) 20... Bxh2+ 21. Kh1 {[%cal Rc3d5]} Bf4 22. Rc2 {[%cal Rc3d5]} Rd8 23. Ne2 {[#]} Be5 $1 24. Rc6 Qb4 {Strongly threatening ...Qh4+.} 25. f4 Bg7 ({Not} 25... Bxf4 $2 {[#]} 26. Rc4 $1 $18 {[%mdl 512]}) 26. Rc7 {[#]} a6 $1 {[%mdl 512]} 27. Rb1 (27. Bxa6 $17 {was called for.} Qxa4 28. Rdc1) 27... Qd6 $19 28. Rc6 Qe7 29. Rxa6 Nd6 30. Rf1 Bf5 31. Qf3 (31. Qa3 {is the only way for White.}) 31... Ne4 32. Rc1 $2 {[#]} (32. Kg1 Nd2 {[%mdl 64] Double Attack} 33. Qg3) 32... Bg4 $1 {[%mdl 512]} 33. Rd1 (33. Qxg4 Nf2+) 33... Qc5 (33... Bxf3 $142 34. gxf3 Nf2+ {[%mdl 64] Double Attack} 35. Kg2 Nxd1 36. Ng3 Qh4 37. Rxg6 fxg6 38. Bc6 Bc3 39. Nf1 Qf2+ 40. Kh1 Bd4 41. Ne3 Nxe3 42. Bxd5+ Nxd5 43. a5 Qg1#) 34. Rc1 Qe7 $2 (34... Bxf3 $19 35. Rxc5 Nxc5 36. gxf3 Nxa6 37. Bxa6 f5) 35. Rf1 $2 {[%mdl 8192] Accuracy: White = 47%, Black = 71%.} (35. Rd1 $11 Bxf3 36. gxf3 Nf2+ {[%mdl 64] Double Attack} 37. Kg2 Nxd1 38. Ng3) 0-1